LIBRARY & INFORMATION CENTRE, KCAET, TAVANUR

ONLINE PUBLIC ACCESS CATALOGUE (OPAC)

Preserved Foods amd Sweetmeats (Record no. 14545)

MARC details
000 -LEADER
fixed length control field 00274nam a22001217a 4500
020 ## - INTERNATIONAL STANDARD BOOK NUMBER
ISBN 8176221430
082 ## - DEWEY DECIMAL CLASSIFICATION NUMBER
Classification number 664.028
Item number HAU/PR
100 ## - MAIN ENTRY--AUTHOR NAME
Personal name Hausner,A
245 ## - TITLE STATEMENT
Title Preserved Foods amd Sweetmeats
260 ## - PUBLICATION, DISTRIBUTION, ETC. (IMPRINT)
Place of publication Delhi
Name of publisher Biotech Books
Year of publication 2005
300 ## - PHYSICAL DESCRIPTION
Number of Pages 226
942 ## - ADDED ENTRY ELEMENTS (KOHA)
Koha item type Books
Holdings
Withdrawn status Lost status Damaged status Collection code Home library Current library Shelving location Date acquired Source of acquisition Cost, normal purchase price Full call number Accession Number Koha item type
        KAUAET KAUAET General Stacks 15/07/2016 Universal Research Books, Thrissur 890.00 664.028 HAU/PR 24306 Books
free website counter